[Event "HCL-C163"]
[Site "www.playchess.de"]
[Date "2001.02.05"]
[Round "18"]
[White "Smutje"]
[Black "dakini"]
[WhiteElo "854"]
[BlackElo "1450"]
[PlyCount "32"]
[Result "0-1"]

1.e4 {hi}  e5 {Hallo! Schön daß das hier geklappt 
hat! Na denn ma lous!}  2.Qf3 {jo denn man tau..}  
Nf6 {und weiter gait dat dann man sou ...}  3.g4 
{nee schnacken kopp in nacken}  d5 4.g5 Nxe4 
{Schönen Nachmittag!}  5.c4 {DITO}  Bc5 {Was macht 
das Schmuddelwetter und Co? Zum Schachspie 
einladen natürlich :-))}  6.Nh3 {och hier scheint 
heut die sonne! von wo aus surfst du?}  Nc6 {Von 
Ahnatal bei Kassel. Leider haben wir noch kein 
ISDN}  7.g6 hxg6 8.cxd5 Qxd5 9.d3 Nd4 {Ist Dein 
richtiger Name "Uwe Boss" ?}  10.Qd1 {nee Buss}  
Bxh3 11.Bxh3 Rxh3 {Schönes Wochenende!}  12.b3 
{dito}  Nc3 13.Nxc3 Qxh1+ 14.Kd2 Qxh2 15.Nd5 Qf4+ 
{Alles klar bei Dir? Haben gerade etwas Sekt 
getrunken, es spielt sich leichter ...}  16.Nxf4 
{man merkt´s *fg*}  Bb4+ 0-1

[Event "HCL-C163"]
[Site "www.playchess.de"]
[Date "2001.02.05"]
[Round "19"]
[White "janus"]
[Black "Smutje"]
[WhiteElo "1682"]
[BlackElo "854"]
[PlyCount "33"]
[Result "1-0"]

1.e4 {Schön, daß wir wieder mal die Klingen 
kreuzen !! Gruß Rüdiger}  e5 {hi! müßt ihr immer 
eure nicks ändern!}  2.f4 {Das macht die Sache 
doch interessanter !}  exf4 3.Nf3 Nf6 4.e5 Ne4 
5.d3 Nc5 6.d4 Na4 7.Bb5 Nb6 8.Bxf4 Bb4+ 9.c3 Be7 
10.O-O a6 11.Bd3 Nd5 12.Bd2 g5 13.Nxg5 h6 14.Nxf7 
Rg8 {igitt wie gemein! bitte nicht!}  15.Nd6+ {Ok 
- ich lasse Deine Dame noch leben !!}  cxd6 
{danke! *aufdiekniefallunddenkopfsenke*}  16.Qh5+ 
{Nicht so demütig - habe Deinen König im Visier ! 
Sorry !!!!}  Rg6 {dat waret wohl! oder?}  17.Bxg6+ 
{Ja - tut mir Leid !! Viele Grüße   Rüdiger} 
 1-0

[Event "HCL-C163"]
[Site "www.playchess.de"]
[Date "2001.02.05"]
[Round "20"]
[White "Smutje"]
[Black "Player"]
[WhiteElo "854"]
[BlackElo "1585"]
[PlyCount "38"]
[Result "0-1"]

1.e4 {auf ein besseres spiel}  c5 {Viel Glück!}  
2.Bc4 d6 3.Qf3 Nf6 4.Nh3 e6 5.O-O Nc6 6.c3 Bd7 
7.d4 cxd4 8.cxd4 Nxd4 9.Qe3 Nc2 10.b3 Nxe3 11.fxe3 
Nxe4 12.Rf4 d5 13.Be2 Qc7 14.Bd2 Bd6 15.a4 Bxf4 
16.exf4 Qc5+ 17.Be3 Qxe3+ 18.Kf1 Qc1+ 19.Bd1 {ich 
glaub in zukunft nehm ich spiele wo du nicht dabei 
bist :-(}  Qxd1+ 0-1

[Event "HCL-C163"]
[Site "www.playchess.de"]
[Date "2001.02.05"]
[Round "21"]
[White "ATP"]
[Black "Smutje"]
[WhiteElo "1000"]
[BlackElo "854"]
[PlyCount "33"]
[Result "1-0"]

1.c4 {*handshake* viel Spass}  e5 {dito}  2.Nc3 
Qf6 3.Nf3 Bc5 4.Nd5 Qd6 5.b4 Bxb4 6.Nxb4 Qxb4 
7.Nxe5 Nf6 8.Qb3 Qa5 {damentausch! da bin ich 
gegen.}  9.Nxf7 Kxf7 10.c5+ Kf8 11.Bb2 d5 12.Bc3 
{ohne Bräute is dat doch öde}  Qxc5 13.Bb4 {oooh 
Mädel!}  b6 {ohh, bitte nicht!}  14.Rc1 {mal 
schaun, ob ich dir später noch raushelfen kann, 
damits etwas ausgeglichener bleibt}  Nbd7 15.d4 { 
)}  Ke8 16.Qe3+ Qe7 17.Qxe7+ 1-0

[Event "HCL-C166"]
[Site "www.playchess.de"]
[Date "2001.02.05"]
[Round "9"]
[White "Player"]
[Black "Pocman"]
[WhiteElo "1584"]
[BlackElo "1600"]
[PlyCount "47"]
[Result "1-0"]

1.e4 c5 2.Nf3 d6 3.Bb5+ Bd7 4.Bxd7+ Nxd7 5.O-O e6 
6.d4 cxd4 7.Nxd4 Ngf6 8.Nc3 Be7 9.Ndb5 Nc5 10.Re1 
a6 11.Nd4 Qc7 12.h4 b5 13.b4 Ncd7 14.Re3 Ne5 15.f4 
Ng6 16.f5 exf5 17.Nxf5 O-O 18.h5 Ne5 19.Rg3 g6 
20.hxg6 fxg6 21.Nd5 Nxd5 22.Qxd5+ Kh8 23.Bh6 Rf7 
24.Qxa8+ 1-0

[Event "HCL-C165"]
[Site "www.playchess.de"]
[Date "2001.02.05"]
[Round "10"]
[White "Player"]
[Black "ATP"]
[WhiteElo "1392"]
[BlackElo "1820"]
[PlyCount "43"]
[Result "1/2-1/2"]

1.d4 {*handshake* - Dann mal auf ein neues! :)}  
e6 {hallo Lukas, Chance auf Revance-leider mit 
denselben Farben,macht aber nichts- gruss andy}  
2.e4 {Also wieder die Französische Verteidigung!}  
c5 {hmm...}  3.c3 d5 {Sizi/ Alapin-Var. auch lange 
nicht mehr gespielt}  4.e5 {Nun haben wir doch 
wieder die Französische...}  Nc6 {ja sowas aber 
auch...}  5.Nf3 Qb6 6.a3 c4 { )}  7.Nbd2 Na5 8.Be2 
Bd7 9.O-O Ne7 {schon ein Spiel Remis- Taktik?}  
10.Rb1 {Jein! Wollte nichts riskieren. Die 
Berliner Verteidigung hält!}  Nf5 {ja, die ist 
wieder gefragt in letzter Zeit}  11.Re1 Nb3 { )}  
12.Nxb3 {---}  Ba4 13.Nfd2 Ne7 14.Bf3 Bxb3 15.Nxb3 
cxb3 16.Bg5 Nc6 17.Qd3 Be7 18.Bxe7 Kxe7 19.Qe3 h6 
20.Bh5 g6 21.Bg4 Rag8 22.Bf3 1/2-1/2

[Event "HCL-C170"]
[Site "www.playchess.de"]
[Date "2001.02.05"]
[Round "1"]
[White "Player"]
[Black "Translightor"]
[WhiteElo "1392"]
[BlackElo "1422"]
[PlyCount "73"]
[Result "1/2-1/2"]

1.d4 {Hallo! Auf eine interessante zweite Partie!} 
 Nf6 {... die vielleicht ein paar Züge länger 
dauert als die erste!}  2.g3 {Das kommt ganz drauf 
an...}  e6 {In der 1. Partie kam mir dein Angebot 
gerade recht, denn ich hatte die Eröffnung 
ziemlich verkorkst.}  3.c4 {Warum verkorkst? Ich 
wollte die Berliner Verteidigung und Remis!}  d5 
{Verkorkst, weil es im Spanier angehen darf, dass 
Schwarz so leicht Ausgleich erhält.}  4.Bg2 dxc4 
{Mal was anderes: Hast du schon das Foto von 
carmenE gesehen?}  5.Nf3 {Wo Du es sagt hab ich es 
mir gerade angeschaut. Nun, dass wird sie wohl 
kaum sein! :)}  Be7 {Ehrlicher wäre es wohl 
gewesen, ein Foto von Fritz zu posten. Aber wie 
sieht der aus?}  6.O-O {Gute Frage! Dabei soll 
"Er" Deutschlands bekanntester Spieler sein...}  
O-O {Als Notlösung kann man ja ein Allwermann-Foto 
nehmen.}  7.Qc2 a6 8.Qxc4 b5 9.Qc2 Bb7 10.Bf4 Nc6 
11.Rd1 Nb4 12.Qc1 Rc8 13.Nc3 Nbd5 14.Nxd5 Bxd5 
15.Bg5 c5 16.dxc5 Bxc5 17.Qf4 Be7 18.Bxf6 Bxf6 
19.e4 Rc4 {Ups, böse Überraschung! Jetzt heißt es: 
Kämpfen!}  20.Ne5 Ra4 21.b3 Qc7 22.bxa4 Bxe5 
23.Qe3 Bxa1 24.exd5 Qe5 25.dxe6 fxe6 26.axb5 axb5 
27.Bh3 Rf6 28.Rb1 Bd4 29.Qxe5 Bxe5 30.f4 Bd4+ 
31.Kg2 e5 32.fxe5 Rf2+ 33.Kh1 Rb2 34.Rf1 Rf2 
35.Rxf2 Bxf2 36.Kg2 Bd4 37.Bd7 {31.Kg2? mit Kh1 
vielleicht ein ganzer Punkt...} 
 1/2-1/2

[Event "HCL-C162"]
[Site "www.playchess.de"]
[Date "2001.02.05"]
[Round "10"]
[White "Filk"]
[Black "Player"]
[WhiteElo "1298"]
[BlackElo "1404"]
[PlyCount "30"]
[Result "1/2-1/2"]

1.e4 e5 2.Nf3 Nc6 3.Bc4 Bc5 4.b4 Bb6 5.b5 Na5 
6.Be2 d6 7.Nc3 Be6 8.d4 Nf6 9.O-O O-O 10.Bg5 h6 
11.Bxf6 Qxf6 12.dxe5 dxe5 13.Nd5 Bxd5 14.exd5 Rad8 
15.c4 e4 1/2-1/2

[Event "HCL-B050"]
[Site "www.playchess.de"]
[Date "2001.02.05"]
[Round "1"]
[White "csadler"]
[Black "nadavies_uk"]
[WhiteElo "1110"]
[BlackElo "1454"]
[PlyCount "46"]
[Result "0-1"]

1.e4 d6 2.d4 Nf6 3.Nc3 Nbd7 4.Nf3 e5 5.Bc4 h6 
6.O-O c6 7.d5 b5 8.dxc6 bxc4 9.cxd7+ Bxd7 10.Be3 
Ng4 11.h3 Nxe3 12.fxe3 Qb6 13.Qe2 Qxb2 14.Qxc4 Rc8 
15.Nd1 Qxa1 16.Nf2 Rxc4 17.Rxa1 Be7 18.Rc1 O-O 
19.g4 Bg5 20.Nxg5 hxg5 21.Rd1 Rxc2 22.Rxd6 Be6 
23.Ra6 Rxa2 0-1

[Event "HCL-B050"]
[Site "www.playchess.de"]
[Date "2001.02.05"]
[Round "4"]
[White "csadler"]
[Black "anthony"]
[WhiteElo "1110"]
[BlackElo "1200"]
[PlyCount "92"]
[Result "0-1"]

1.e4 e5 2.Nf3 Nc6 3.Bc4 d6 4.c3 Be6 5.Bxe6 fxe6 
6.d4 Nf6 7.Bg5 h6 8.dxe5 hxg5 9.exf6 Qxf6 10.O-O 
d5 11.exd5 exd5 12.Qxd5 Bd6 13.Re1+ Kd8 14.Nxg5 
Rf8 15.Ne6+ Ke7 16.Nxc7+ Kd7 17.f3 Rac8 18.Nb5 
Rce8 19.Rxe8 Rxe8 20.N1a3 Qf4 21.Rd1 Qxh2+ 22.Kf1 
a6 23.Nxd6 Qh1+ 24.Kf2 Qh4+ 25.Kg1 Re1+ 26.Rxe1 
Qxe1+ 27.Kh2 Ne7 28.Qxb7+ Kxd6 29.Nc4+ Kc5 30.Qxa6 
Nf5 31.b4+ Kd5 32.Qb5+ Ke6 33.Qb6+ Kf7 34.Qc7+ Ne7 
35.b5 Qxc3 36.b6 g5 37.b7 Qh8+ 38.Kg1 Qd4+ 39.Kf1 
Qa1+ 40.Ke2 Qxa2+ 41.Kd3 Qb3+ 42.Kd4 Qd1+ 43.Kc3 
Qc1+ 44.Kd4 Qg1+ 45.Ke5 Qh2+ 46.f4 
Qxf4+ 0-1

[Event "HCL-B050"]
[Site "www.playchess.de"]
[Date "2001.02.05"]
[Round "7"]
[White "Theos666"]
[Black "csadler"]
[WhiteElo "1226"]
[BlackElo "1110"]
[PlyCount "72"]
[Result "0-1"]

1.Nf3 Nf6 2.Nc3 e6 3.d4 Bb4 4.a3 Bxc3+ 5.bxc3 O-O 
6.e3 d5 7.Bd3 b6 8.c4 c5 9.Ng5 h6 10.Nf3 Nc6 11.c3 
Bb7 12.Qc2 a5 13.O-O Qd6 14.cxd5 Nxd5 15.dxc5 Qxc5 
16.Bh7+ Kh8 17.Bd3 Nxc3 18.Bb2 Nd5 19.Qxc5 bxc5 
20.Rac1 Rae8 21.g4 f6 22.Rxc5 Nc7 23.Nh4 Kg8 24.f4 
Rec8 25.f5 Ne5 26.Ng6 Nxd3 27.Rc2 Nd5 28.Nxf8 Rxc2 
29.Bd4 Kxf8 30.fxe6 Bc8 31.Rf3 Bxe6 32.e4 Bxg4 
33.Rxd3 Rc1+ 34.Kg2 Nf4+ 35.Kg3 Nxd3 36.Kxg4 
Ne5+ 0-1

[Event "HCL-B050"]
[Site "www.playchess.de"]
[Date "2001.02.05"]
[Round "8"]
[White "nadavies_uk"]
[Black "Theos666"]
[WhiteElo "1454"]
[BlackElo "1226"]
[PlyCount "55"]
[Result "1-0"]

1.e4 c5 2.Nf3 Nf6 3.Nc3 d6 4.d4 c4 5.Bxc4 Be6 
6.Bxe6 fxe6 7.e5 h6 8.exf6 gxf6 9.O-O Nc6 10.d5 e5 
11.Ne4 Nb4 12.c4 f5 13.Ng3 f4 14.Ne4 Rc8 15.Qa4+ 
Qd7 16.Qxb4 Qf5 17.Re1 Rg8 18.h3 Qg6 19.Ng3 Rb8 
20.Nh4 Qg5 21.Qb5+ Kf7 22.Qd7 Qxh4 23.Qe6+ Ke8 
24.Qxg8 fxg3 25.f3 Qxc4 26.Bxh6 Kd7 27.Bxf8 Qc8 
28.Rac1 1-0

[Event "HCL-B050"]
[Site "www.playchess.de"]
[Date "2001.02.05"]
[Round "10"]
[White "anthony"]
[Black "Theos666"]
[WhiteElo "1200"]
[BlackElo "1226"]
[PlyCount "67"]
[Result "1-0"]

1.d4 f5 2.Bf4 Nf6 3.e3 Nc6 4.Bc4 d5 5.Bb5 e6 6.Nf3 
Be7 7.c4 a6 8.Bxc6+ bxc6 9.O-O c5 10.Nc3 cxd4 
11.exd4 Bd6 12.g3 Bxf4 13.gxf4 dxc4 14.Qa4+ Qd7 
15.Ne5 Qxa4 16.Nxa4 Bb7 17.Rac1 Bd5 18.b3 cxb3 
19.Rxc7 bxa2 20.Rxg7 Rg8 21.Rxg8+ Nxg8 22.Nb6 Rb8 
23.Nxd5 exd5 24.Ra1 Rb2 25.Kg2 Nf6 26.Nd3 Rd2 
27.Nb4 Rxd4 28.Nxa6 Rxf4 29.Rxa2 Rc4 30.Re2+ Kd8 
31.Re5 f4 32.Re6 Ra4 33.Rxf6 Rxa6 
34.Rxa6 1-0

[Event "HCL-C057"]
[Site "www.playchess.de"]
[Date "2001.02.05"]
[Round "1"]
[White "Jeff_Foster"]
[Black "Nunogomez"]
[WhiteElo "1481"]
[BlackElo "676"]
[PlyCount "29"]
[Result "1-0"]

1.e4 Nf6 2.e5 Ne4 3.d4 f6 4.Qh5+ g6 5.Qe2 d5 6.f3 
Ng5 7.exf6 Nf7 8.Nc3 c6 9.fxe7 Qxe7 10.Bf4 Qxe2+ 
11.Ngxe2 Bf5 12.O-O-O Nd7 13.Ng3 Be6 14.Re1 Kd8 
15.Rxe6 1-0

[Event "HCL-C057"]
[Site "www.playchess.de"]
[Date "2001.02.05"]
[Round "3"]
[White "Nunogomez"]
[Black "Cosmo"]
[WhiteElo "676"]
[BlackElo "1000"]
[PlyCount "62"]
[Result "0-1"]

1.e4 e5 2.Nf3 d6 3.d4 exd4 4.Nxd4 c5 5.Nf3 Bg4 
6.h3 Bh5 7.Bb5+ Nc6 8.Bxc6+ bxc6 9.O-O Be7 10.c4 
Bxf3 11.Qxf3 Nf6 12.Rd1 Nd7 13.Bf4 Qb6 14.b3 Bf6 
15.e5 Nxe5 16.Qe4 O-O 17.Na3 Ng6 18.Bxd6 Rfe8 
19.Qf5 Bxa1 20.Rxa1 Qa5 21.Bxc5 Re1+ 22.Rxe1 Qxe1+ 
23.Kh2 Nh4 24.Nc2 Nxf5 25.Nxe1 a6 26.Nd3 Re8 
27.Nb4 Re2 28.f3 a5 29.Nxc6 Rxa2 30.Ne7+ Nxe7 
31.Bxe7 Rb2 0-1

[Event "HCL-C057"]
[Site "www.playchess.de"]
[Date "2001.02.05"]
[Round "5"]
[White "CEAuke"]
[Black "Nunogomez"]
[WhiteElo "924"]
[BlackElo "676"]
[PlyCount "53"]
[Result "1-0"]

1.d4 d5 2.Nc3 Nf6 3.Nh3 c5 4.dxc5 d4 5.Nb5 Qa5+ 
6.Qd2 Qxb5 7.Qxd4 Nc6 8.e3 Qb4+ 9.Qxb4 Nxb4 10.Bd3 
Bxh3 11.gxh3 e5 12.e4 Bxc5 13.a3 Nxd3+ 14.cxd3 Rd8 
15.Ke2 O-O 16.Rg1 g6 17.Bg5 Kg7 18.Rac1 b6 19.b4 
Bd4 20.Rc6 Rdc8 21.Bxf6+ Kg8 22.Rgc1 Rxc6 23.Rxc6 
Bb2 24.a4 Re8 25.b5 Re6 26.Rc8+ Re8 
27.Rxe8+ 1-0

[Event "HCL-C057"]
[Site "www.playchess.de"]
[Date "2001.02.05"]
[Round "7"]
[White "TomAU"]
[Black "Jeff_Foster"]
[WhiteElo "1004"]
[BlackElo "1481"]
[PlyCount "60"]
[Result "0-1"]

1.d4 d5 2.Bf4 Bf5 3.Nc3 c5 4.e3 Nc6 5.Nf3 e6 6.Bd3 
Bg4 7.dxc5 e5 8.Bg3 e4 9.Nxe4 dxe4 10.Bxe4 Qxd1+ 
11.Rxd1 Nf6 12.Bxc6+ bxc6 13.Bd6 Bxf3 14.gxf3 
O-O-O 15.c4 Bxd6 16.cxd6 c5 17.Rg1 g6 18.Rg5 Nd7 
19.Rgd5 Rhe8 20.a3 a5 21.b3 f5 22.h4 Kb7 23.f4 Kc6 
24.h5 Nf6 25.Re5 Rxd6 26.Rxd6+ Kxd6 27.Rxe8 Nxe8 
28.hxg6 h6 29.f3 Ke6 30.e4 Kf6 0-1

[Event "HCL-C057"]
[Site "www.playchess.de"]
[Date "2001.02.05"]
[Round "8"]
[White "Nunogomez"]
[Black "TomAU"]
[WhiteElo "676"]
[BlackElo "1004"]
[PlyCount "33"]
[Result "1-0"]

1.e4 c5 2.Nf3 Nc6 3.d4 cxd4 4.Nxd4 g6 5.Nc3 Bg7 
6.Be3 Nf6 7.Bc4 O-O 8.Bb3 d6 9.f3 Bd7 10.Qd2 Rc8 
11.h4 h5 12.O-O-O a6 13.Nxc6 Rxc6 14.Kb1 Qa5 
15.Nd5 Qxd2 16.Nxe7+ Kh7 17.Rxd2 1-0

[Event "HCL-C057"]
[Site "www.playchess.de"]
[Date "2001.02.05"]
[Round "9"]
[White "TomAU"]
[Black "Cosmo"]
[WhiteElo "1004"]
[BlackElo "1000"]
[PlyCount "51"]
[Result "1-0"]

1.e4 e5 2.f4 exf4 3.Nf3 d6 4.Bc4 Bg4 5.O-O Nf6 
6.Nc3 Nbd7 7.d4 Bxf3 8.Qxf3 Be7 9.Bxf4 O-O 10.e5 
dxe5 11.dxe5 Bc5+ 12.Kh1 Ne8 13.Rad1 Qe7 14.Nd5 
Qh4 15.b4 Bb6 16.g3 Qh3 17.Ne7+ Kh8 18.e6 Ndf6 
19.exf7 Nd6 20.Bxd6 Ng4 21.Rd2 Rad8 22.Ng6+ hxg6 
23.Bxf8 Rxd2 24.Bxg7+ Kh7 25.f8N+ Kxg7 
26.Qf7+ 1-0

[Event "HCL-C057"]
[Site "www.playchess.de"]
[Date "2001.02.05"]
[Round "11"]
[White "Jeff_Foster"]
[Black "Cooldude"]
[WhiteElo "1481"]
[BlackElo "960"]
[PlyCount "96"]
[Result "0-1"]

1.e4 c5 2.d4 cxd4 3.c3 e5 4.cxd4 Qa5+ 5.Bd2 Qb6 
6.Qc2 Nc6 7.dxe5 Nxe5 8.Nc3 Bb4 9.Nd5 Bxd2+ 
10.Qxd2 Qc5 11.Rc1 Qf8 12.Nc7+ Kd8 13.Nxa8 Nc6 
14.Nf3 Qe7 15.Bd3 d5 16.O-O Bd7 17.exd5 Ne5 
18.Qa5+ Ke8 19.Nc7+ Kf8 20.Qa3 Nxd3 21.Qxd3 Qf6 
22.Rfe1 g6 23.Qc3 Qxc3 24.bxc3 Nf6 25.Ne5 Kg7 
26.Nxd7 Nxd7 27.Re8 Rxe8 28.h3 Re2 29.c4 b6 30.a4 
Ra2 31.Rd1 Rxa4 32.d6 Rxc4 33.Ne8+ Kf8 34.Nc7 a5 
35.Rb1 Rd4 36.Nb5 Rd5 37.f4 a4 38.g4 Rd3 39.g5 a3 
40.Nxa3 Rxa3 41.Rd1 Rxh3 42.Kg2 Re3 43.Kf2 Re6 
44.Kf3 b5 45.Kg4 b4 46.f5 gxf5+ 47.Kxf5 b3 48.Rd2 
h6 0-1

[Event "HCL-C057"]
[Site "www.playchess.de"]
[Date "2001.02.05"]
[Round "12"]
[White "Cooldude"]
[Black "Nunogomez"]
[WhiteElo "960"]
[BlackElo "676"]
[PlyCount "66"]
[Result "0-1"]

1.e4 c6 2.Bc4 d5 3.exd5 cxd5 4.Bb5+ Nc6 5.Qf3 Nf6 
6.c4 Bd7 7.cxd5 Nd4 8.Bxd7+ Qxd7 9.Qd3 Qxd5 10.f3 
e5 11.Nc3 Qd7 12.Nge2 Qe7 13.Ne4 Nxe4 14.Qxe4 f5 
15.Qd3 Rd8 16.O-O Qc5 17.Kh1 Nc2 18.Rb1 Rxd3 19.f4 
e4 20.b4 Nxb4 21.a3 Na2 22.Rxb7 Nxc1 23.Rxc1 Qxa3 
24.h4 Rxd2 25.g3 Qf3+ 26.Kg1 Qxe2 27.Rc8+ Rd8 
28.Rxd8+ Kxd8 29.Kh1 Qf3+ 30.Kh2 e3 31.Rb3 Bd6 
32.Rd3 Kd7 33.Kh3 h6 0-1

[Event "HCL-C057"]
[Site "www.playchess.de"]
[Date "2001.02.05"]
[Round "13"]
[White "Cosmo"]
[Black "Cooldude"]
[WhiteElo "1000"]
[BlackElo "960"]
[PlyCount "49"]
[Result "1-0"]

1.e4 c5 2.Nf3 Nc6 3.b3 e5 4.Be2 c4 5.Bxc4 Nf6 
6.Nc3 Bc5 7.Bxf7+ Kxf7 8.Ng5+ Ke8 9.Nf3 Ng4 10.O-O 
Qf6 11.Nd5 Qd6 12.Bb2 Kd8 13.Ng5 Rf8 14.Qxg4 Qh6 
15.Nf3 Be7 16.Nxe7 Nxe7 17.Qg3 d6 18.d4 Ng6 
19.dxe5 Nf4 20.Rfe1 Nh5 21.Qh4+ Kc7 22.exd6+ Kb8 
23.Qe7 a6 24.Qc7+ Ka7 25.Bd4+ 1-0

[Event "HCL-C057"]
[Site "www.playchess.de"]
[Date "2001.02.05"]
[Round "15"]
[White "TomAU"]
[Black "Cooldude"]
[WhiteElo "1004"]
[BlackElo "960"]
[PlyCount "39"]
[Result "1-0"]

1.e4 c5 2.d4 cxd4 3.c3 Qa5 4.Nf3 dxc3 5.Nxc3 e5 
6.Bc4 Bb4 7.Bd2 Nf6 8.a3 Bxc3 9.Bxc3 Qc5 10.Nxe5 
Nxe4 11.Bd4 Qc7 12.Bxf7+ Kd8 13.Qg4 d6 14.Qxg7 Re8 
15.Nc4 Ng3+ 16.Ne3 Nxh1 17.Bf6+ Re7 18.Qf8+ Kd7 
19.Qxe7+ Kc6 20.Rc1+ 1-0

[Event "HCL-C057"]
[Site "www.playchess.de"]
[Date "2001.02.05"]
[Round "16"]
[White "JeanPierre"]
[Black "Jeff_Foster"]
[WhiteElo "1601"]
[BlackElo "1481"]
[PlyCount "105"]
[Result "1-0"]

1.e4 e5 2.Nf3 Nc6 3.Bc4 Nf6 4.Ng5 d5 5.exd5 Na5 
6.d3 h6 7.Nf3 e4 8.Qe2 Nxc4 9.dxc4 Bc5 10.Nfd2 O-O 
11.Nb3 Bg4 12.Qf1 Bb4+ 13.c3 Be7 14.h3 Bh5 15.Nd4 
Qd7 16.Bf4 c6 17.dxc6 bxc6 18.Nd2 c5 19.Ne2 Qd3 
20.Rc1 Rad8 21.Be3 Rdb8 22.b3 a5 23.Nf4 Qxf1+ 
24.Rxf1 Bg6 25.Nxg6 fxg6 26.a3 Rfd8 27.Ke2 Rd7 
28.Bf4 Rbd8 29.Rfd1 Rb7 30.Rcb1 g5 31.Be5 Nd7 
32.Bg3 Nf6 33.Nf1 Rxd1 34.Kxd1 Kf7 35.Kc2 h5 
36.Re1 h4 37.Be5 Rd7 38.Nd2 Ke6 39.Nxe4 Kxe5 
40.Nxc5+ Kd6 41.b4 axb4 42.cxb4 Kc6 43.Nxd7 Kxd7 
44.Kb3 Bd6 45.Rd1 Kc7 46.f3 Nh5 47.a4 Nf4 48.Rd2 
g6 49.b5 Bc5 50.a5 Be3 51.Ra2 Nd3 52.Kc3 Nc1 
53.Rc2 1-0

[Event "HCL-C057"]
[Site "www.playchess.de"]
[Date "2001.02.05"]
[Round "17"]
[White "Nunogomez"]
[Black "JeanPierre"]
[WhiteElo "676"]
[BlackElo "1601"]
[PlyCount "42"]
[Result "0-1"]

1.d4 Nf6 2.c4 e6 3.Nc3 c5 4.d5 exd5 5.cxd5 d6 
6.Nf3 g6 7.e4 Bg7 8.Be2 O-O 9.O-O a6 10.a4 Bg4 
11.Bg5 Bxf3 12.Bxf3 Nbd7 13.b3 Re8 14.Ra2 Qc7 
15.Re1 Rab8 16.Rae2 Ne5 17.R2e3 Nxf3+ 18.Rxf3 Nd7 
19.Ne2 Rxe4 20.Ng3 Rxe1+ 21.Qxe1 
Ne5 0-1

[Event "HCL-C057"]
[Site "www.playchess.de"]
[Date "2001.02.05"]
[Round "18"]
[White "JeanPierre"]
[Black "Cosmo"]
[WhiteElo "1601"]
[BlackElo "1000"]
[PlyCount "57"]
[Result "1-0"]

1.c4 c5 2.Nc3 Nc6 3.Nf3 d6 4.d4 Qa5 5.d5 Nd8 6.Bd2 
Qb6 7.Qc2 Bd7 8.e4 Nf6 9.Be2 e6 10.O-O Be7 11.Rfe1 
Kf8 12.e5 Ng4 13.exd6 Bxd6 14.Ne4 exd5 15.Nxd6 
Qxd6 16.cxd5 f6 17.h3 Nh6 18.Bxh6 gxh6 19.Rad1 
Bxh3 20.gxh3 Rg8+ 21.Kh1 Nf7 22.Nh4 Ng5 23.Nf5 Qf4 
24.Qxc5+ Kf7 25.Bh5+ Rg6 26.Re7+ Kg8 27.Rde1 Nxh3 
28.R7e8+ Rxe8 29.Rxe8+ 1-0

[Event "HCL-C057"]
[Site "www.playchess.de"]
[Date "2001.02.05"]
[Round "20"]
[White "JeanPierre"]
[Black "TomAU"]
[WhiteElo "1601"]
[BlackElo "1004"]
[PlyCount "37"]
[Result "1-0"]

1.d4 d5 2.c4 e5 3.dxe5 d4 4.Nf3 Nc6 5.g3 Bg4 6.Bg2 
Qd7 7.O-O O-O-O 8.Qb3 h5 9.Bf4 h4 10.gxh4 Be7 
11.Nbd2 Bxh4 12.Nxh4 Rxh4 13.Bg5 Rh5 14.Bxd8 d3 
15.exd3 Bh3 16.Qd1 Rh6 17.e6 Qd6 18.exf7 Bxg2 
19.Qg4+ 1-0

[Event "HCL-C057"]
[Site "www.playchess.de"]
[Date "2001.02.05"]
[Round "21"]
[White "Cooldude"]
[Black "JeanPierre"]
[WhiteElo "960"]
[BlackElo "1601"]
[PlyCount "56"]
[Result "0-1"]

1.c4 Nf6 2.Nc3 g6 3.e4 d6 4.d4 Bg7 5.d5 Nbd7 6.Bf4 
O-O 7.Qd2 Re8 8.Nf3 Nc5 9.Bd3 e6 10.dxe6 Rxe6 
11.O-O-O Ncxe4 12.Nxe4 Nxe4 13.Bxe4 Rxe4 14.Ng5 
Rxc4+ 15.Kb1 Bf5+ 16.Ka1 Rc2 17.Qd5 Bxb2+ 18.Kb1 
Rd2+ 19.Qxf5 Rxd1+ 20.Kxb2 gxf5 21.Rxd1 Qf6+ 
22.Kc2 Re8 23.Rd2 Qa1 24.Be3 Qxa2+ 25.Kd3 Qb3+ 
26.Ke2 f4 27.Rd4 Rxe3+ 28.fxe3 
Qxe3+ 0-1

[Event "HCL-C057"]
[Site "www.playchess.de"]
[Date "2001.02.05"]
[Round "22"]
[White "Jeff_Foster"]
[Black "surak"]
[WhiteElo "1481"]
[BlackElo "1000"]
[PlyCount "42"]
[Result "1/2-1/2"]

1.e4 c6 2.d4 d5 3.Nc3 dxe4 4.Nxe4 Nd7 5.Nf3 Ngf6 
6.Ng3 e6 7.Bc4 Nb6 8.Bb3 c5 9.c3 cxd4 10.cxd4 Bb4+ 
11.Bd2 Bxd2+ 12.Qxd2 O-O 13.O-O Nbd5 14.Rfe1 b6 
15.Rac1 Bb7 16.Ne5 Rc8 17.Rxc8 Qxc8 18.Rc1 Qd8 
19.f3 a5 20.a3 Nd7 21.Nxd7 Qxd7 1/2-1/2

[Event "HCL-C057"]
[Site "www.playchess.de"]
[Date "2001.02.05"]
[Round "23"]
[White "surak"]
[Black "Nunogomez"]
[WhiteElo "1000"]
[BlackElo "676"]
[PlyCount "37"]
[Result "1-0"]

1.e4 c6 2.d4 d5 3.Nd2 Nf6 4.e5 Ng8 5.Ngf3 Bf5 
6.Nb3 e6 7.Bd3 Bg4 8.h3 Bh5 9.g4 Bg6 10.h4 h5 
11.Bxg6 fxg6 12.gxh5 gxh5 13.Ng5 Be7 14.Nxe6 Qd7 
15.Nxg7+ Kf7 16.Rg1 Bxh4 17.Qf3+ Nf6 18.exf6 Bxf6 
19.Nxh5 1-0

[Event "HCL-C057"]
[Site "www.playchess.de"]
[Date "2001.02.05"]
[Round "24"]
[White "Cosmo"]
[Black "surak"]
[WhiteElo "1000"]
[BlackElo "1000"]
[PlyCount "74"]
[Result "0-1"]

1.e4 c6 2.Nc3 d5 3.exd5 cxd5 4.d4 Nf6 5.Bg5 Nbd7 
6.Nf3 Qc7 7.Bd3 e5 8.Bxf6 gxf6 9.Qe2 Nb6 10.dxe5 
fxe5 11.Bb5+ Bd7 12.Nxe5 O-O-O 13.O-O Re8 14.Bxd7+ 
Nxd7 15.Qg4 Rxe5 16.Rad1 Kb8 17.Rxd5 Rxd5 18.Nxd5 
Ne5 19.Qf4 Qd6 20.Nc3 f6 21.Rd1 Qb6 22.Nd5 Qd6 
23.Qxf6 Qxf6 24.Nxf6 Bg7 25.Nh5 Rg8 26.b3 Bh6 
27.f4 Ng4 28.Rd7 Ne3 29.g3 Nxc2 30.Rxh7 Rg6 31.f5 
Be3+ 32.Kf1 Rg5 33.f6 Rf5+ 34.Nf4 Bxf4 35.f7 Bxg3+ 
36.Kg2 Bd6 37.h4 Ne3+ 0-1

[Event "HCL-C057"]
[Site "www.playchess.de"]
[Date "2001.02.05"]
[Round "26"]
[White "TomAU"]
[Black "surak"]
[WhiteElo "1004"]
[BlackElo "1000"]
[PlyCount "41"]
[Result "1-0"]

1.e4 c6 2.c4 d5 3.exd5 cxd5 4.cxd5 Qxd5 5.Nc3 Qa5 
6.d4 Nf6 7.Nf3 Bg4 8.Be2 e6 9.O-O Bd6 10.Qb3 b6 
11.Nb5 Ne4 12.Qc2 f5 13.Qc8+ Kf7 14.Nxd6+ Nxd6 
15.Ng5+ Kg6 16.Qxe6+ Kh5 17.h3 Bxe2 18.Qxe2+ Kg6 
19.Qe6+ Kh5 20.Nf3 g6 21.g4+ 1-0

[Event "HCL-C057"]
[Site "www.playchess.de"]
[Date "2001.02.05"]
[Round "27"]
[White "surak"]
[Black "Cooldude"]
[WhiteElo "1000"]
[BlackElo "960"]
[PlyCount "45"]
[Result "1-0"]

1.e4 e5 2.Nf3 Nc6 3.Bc4 Nf6 4.Ng5 d5 5.exd5 Nxd5 
6.d4 exd4 7.O-O h6 8.Nxf7 Rg8 9.Nxd8 Kxd8 10.Bxd5 
Rh8 11.c3 Bf5 12.Bxc6 bxc6 13.Qxd4+ Bd7 14.Rd1 Bd6 
15.Qxg7 Re8 16.Bf4 Rb8 17.Na3 Rxb2 18.Nc4 Rbe2 
19.Nxd6 cxd6 20.Bxd6 Kc8 21.Bg3 R8e7 22.Qf8+ R7e8 
23.Qd6 1-0

[Event "HCL-C057"]
[Site "www.playchess.de"]
[Date "2001.02.05"]
[Round "28"]
[White "JeanPierre"]
[Black "surak"]
[WhiteElo "1601"]
[BlackElo "1000"]
[PlyCount "79"]
[Result "1-0"]

1.e4 c6 2.d4 d5 3.Nc3 dxe4 4.Nxe4 Nd7 5.Nf3 Ngf6 
6.Nc3 e6 7.Bd3 c5 8.Qe2 cxd4 9.Nxd4 Bc5 10.Nb3 O-O 
11.Bg5 Qc7 12.O-O-O b6 13.Bxf6 Nxf6 14.Nxc5 Qxc5 
15.Ne4 Qe7 16.Nxf6+ Qxf6 17.Bxh7+ Kxh7 18.Qe4+ Kg8 
19.Qxa8 Qxf2 20.Qxa7 Qxg2 21.Qxb6 Bb7 22.Rhg1 Qe4 
23.b3 Rc8 24.Rd8+ Rxd8 25.Qxd8+ Kh7 26.Qd3 Qxd3 
27.cxd3 Kg8 28.a4 Kf8 29.b4 g6 30.b5 Ke7 31.Kb2 e5 
32.Kb3 Kd6 33.Kb4 Kc7 34.Re1 Kd6 35.Rc1 g5 36.b6 
f5 37.Kb5 f4 38.a5 f3 39.a6 Bd5 
40.b7 1-0

[Event "HCL-C057"]
[Site "www.playchess.de"]
[Date "2001.02.05"]
[Round "29"]
[White "dazzle"]
[Black "Jeff_Foster"]
[WhiteElo "1082"]
[BlackElo "1481"]
[PlyCount "73"]
[Result "1-0"]

1.d4 d5 2.e3 Nf6 3.h3 e6 4.a3 Bd6 5.Nf3 O-O 6.Nc3 
c5 7.dxc5 Bxc5 8.Bd3 Nc6 9.Qe2 Re8 10.O-O e5 11.e4 
dxe4 12.Nxe4 Nxe4 13.Qxe4 f5 14.Qc4+ Be6 15.Qxc5 
e4 16.Bc4 Bxc4 17.Qxc4+ Kh8 18.Nh2 Rc8 19.Be3 Ne7 
20.Qe2 Ng6 21.Rad1 Qc7 22.Bxa7 Qxc2 23.Qb5 h6 
24.Qxb7 Re7 25.Rd7 Rxd7 26.Qxd7 Nf8 27.Qxf5 Ra8 
28.Qf7 Qxb2 29.Bc5 Qf6 30.Qxf6 gxf6 31.Bxf8 Rxf8 
32.Rd1 h5 33.Rd5 f5 34.Nf1 Kg7 35.Ng3 Kg6 36.Rxf5 
h4 37.Rxf8 1-0